Políticos españoles #9 - Estadísticas

Estadísticas generales
  • Esta prueba ha sido intentada 61 veces
  • La puntuación promedio es 6 de 9
Estadísticas de respuestas
Imagen Respuesta % Correcto
Irene Montero
93%
Teresa Ribera
89%
Alvise Pérez
88%
Jorge Buxadé
82%
Dolors Montserrat
75%
Toni Comín
45%
Estrella Galán
39%
Diana Riba
29%
Oihane Agirregoitia
13%
No se encontraron pruebas coincidentes
Distribución de puntuación
Porcentaje de gente con cada puntuación
Porcentaje por número respondido
Historial de tus puntuaciones
No has intentado esta prueba.